000 00944nmm a2200277 a 4500
001 ocm0001682932
003 TR-IsHL
005 20201028165842.0
008 171130s2015 tu tur
007 cr cn
020 _a9786055148225
035 _a1682932
_b(N$T)
050 0 4 _aPS3604.O5656
_bC87 2015
090 0 4 _aPS3604.O5656
_bC87 2015
100 1 _aDonohue, Meg
245 1 0 _aCupcake dükkanının sırrı= How to eat a cupcake
_h[electronic resource] /
_cMeg Donohue ; İngilizce aslından çeviren Kenan Şahin
260 _aİstanbul :
_bPupa Yayınları,
_c2015
300 _a324 p.
650 4 _aDil ve Edebiyat
650 4 _aLanguage and Literature
650 0 _aAmerikan romanı
650 0 _aAmerican fiction
650 7 _aLITERARY COLLECTIONS / American / General
_2bisacsh
700 1 _aŞahin, Kenan
856 4 0 _uhttp://search.ebscohost.com/login.aspx?direct=true&scope=site&db=e011xww&AN=1682932
999 _c15978
_d15978